| 000 | 00335nam a2200145 i 4500 | ||
|---|---|---|---|
| 001 | bg | ||
| 100 | 1 | _aBOREL, Armand | |
| 245 | 0 |
_aLinejnye algebraiceskie gruppy / _cA. Borel. |
|
| 260 |
_aMoskva : _b"MIR", _c1972. |
||
| 040 | _cBPK | ||
| 041 | _apol | ||
| 080 | _a512.74 | ||
| 942 | _cKS | ||
| 008 | s pl f |000 0 pol | ||
| 999 |
_c14523 _d14523 |
||
| 856 |
_uhttp://koha.tu.koszalin.pl/cgi-bin/koha/opac-detail.pl?biblionumber=14523 _yKatalog online BPK |
||